Pin Ups - David Bowie - Statistics

General Stats
  • This quiz has been taken 3 times
  • The average score is 5 of 12
Answer Stats
Answer % Correct
See Emily Play
100%
Sorrow
100%
Anyway, Anyhow, Anywhere
50%
Friday on My Mind
50%
I Can't Explain
50%
Rosalyn
50%
Shapes of Things
50%
Where Have All the Good Times Gone
50%
Don't Bring Me Down
0%
Everything's Alright
0%
Here Comes the Night
0%
I Wish You Would
0%
No matching quizzes found
Score Distribution
Percent of People with Each Score
Percentile by Number Answered
Your Score History
You have not taken this quiz